| 000 | 00642nam a2200193 i 4500 | ||
|---|---|---|---|
| 001 | 49942 | ||
| 003 | ES-MaACL | ||
| 005 | 20240425063209.0 | ||
| 007 | t| | ||
| 008 | 030725s1963 sp ||||1| spa d | ||
| 100 | 1 |
_aCrespo, Ángel, _d1926-1995 _941513 |
|
| 245 | 1 | 0 |
_aGrabados populares del Nordeste del Brasil / _ctexto de Angel Crespo ; prólogo de Joâo Cabral de Melo Nero. |
| 260 |
_aMadrid : _bEmbajada del Brasil, _c1963. |
||
| 300 |
_aXXII, 66 lám. ; _c21 cm. |
||
| 700 | 1 |
_aCabral de Melo, Joâo. _933254 |
|
| 852 |
_aES-MaACL _jC-26778 _bR.53229 |
||
| 852 |
_aES-MaACL _jC-27460 _bR.53230 |
||
| 999 |
_c49942 _d49942 |
||